| 000 | 00662cam a22002173a 4500 | ||
|---|---|---|---|
| 001 | 43355 | ||
| 003 | PGUSA | ||
| 005 | 20140828084003.0 | ||
| 008 | 130730s2013||||xxu|||||s|||||000 | eng d | ||
| 040 |
_aPGUSA _beng |
||
| 042 | _adc | ||
| 245 | 1 | 0 |
_aMr. Punch's Book of Sport : _bThe Humour of Cricket, Football, Tennis, Polo, Croquet, Hockey, Racing, &c _h[electronic resource] / _cVarious |
| 260 |
_bProject Gutenberg, _c2013 |
||
| 506 | _aPublic domain in the USA. | ||
| 516 | _aElectronic text | ||
| 700 | 1 | _aSambourne, Lindley | |
| 700 | 1 | _aothers | |
| 830 | 0 |
_aProject Gutenberg _v43355 |
|
| 856 | 4 | 0 | _uhttp://www.gutenberg.org/ebooks/43355 |
| 942 | _cEB | ||
| 999 |
_c272606 _d272606 |
||